| Tag |
First Indicator |
Second Indicator |
Subfields |
| LEADER |
00000cam a2200000 a 4500 |
| 001 |
in00001007348 |
| 005 |
20150927215135.0 |
| 008 |
900921s1990 dcuab b 00010 eng |
| 010 |
|
|
|a 90071550
|
| 020 |
|
|
|a 0309048559 :
|c $12.00
|
| 035 |
|
|
|a (OCoLC)23194064
|
| 035 |
|
|
|9 AFD5775AM
|
| 040 |
|
|
|a DLC
|c DLC
|d TXA
|d UtOrBLW
|
| 049 |
|
|
|a TXAM
|
| 050 |
0 |
0 |
|a TE7
|b .N25 no. 332
|a TE200
|
| 082 |
0 |
0 |
|a 388 s
|a 625.8/5
|2 20
|
| 100 |
1 |
|
|a Anderson, D. A.
|q (David A.),
|d 1936-
|
| 245 |
1 |
0 |
|a Framework for development of performance-related specifications for hot-mix asphaltic concrete /
|c David A. Anderson, David R. Luhr, and Charles E. Antle.
|
| 264 |
|
1 |
|a Washington, D.C. :
|b Transportation Research Board, National Research Council,
|c [1990]
|
| 300 |
|
|
|a 118 pages :
|b illustrations, maps ;
|c 28 cm.
|
| 336 |
|
|
|a text
|b txt
|2 rdacontent
|
| 337 |
|
|
|a unmediated
|b n
|2 rdamedia
|
| 338 |
|
|
|a volume
|b nc
|2 rdacarrier
|
| 490 |
1 |
|
|a National Cooperative Highway Research Program report,
|x 0077-5614 ;
|v 332
|
| 500 |
|
|
|a "Research sponsored by the American Association of State Highway and Transportation Officials in cooperation with the Federal Highway Administration."
|
| 500 |
|
|
|a "December 1990."
|
| 504 |
|
|
|a Includes bibliographical references (pages 36-39).
|
| 650 |
|
0 |
|a Asphalt concrete
|x Specifications.
|
| 650 |
|
0 |
|a Asphalt concrete
|x Testing.
|
| 650 |
|
0 |
|a Pavements, Asphalt concrete
|x Testing.
|
| 700 |
1 |
|
|a Luhr, David Robert.
|
| 700 |
1 |
|
|a Antle, Charles E.
|
| 710 |
2 |
|
|a American Association of State Highway and Transportation Officials.
|
| 710 |
1 |
|
|a United States.
|b Federal Highway Administration.
|
| 830 |
|
0 |
|a Report (National Cooperative Highway Research Program) ;
|v 332.
|
| 999 |
|
|
|a MARS
|
| 999 |
f |
f |
|s 7af47ec1-6363-39ef-aa6c-c0775d756348
|i 3d12354f-f218-3e59-b62c-399bf480f9af
|t 0
|
| 952 |
f |
f |
|p normal
|a Texas A&M University
|b College Station
|c Sterling C. Evans Library
|d Evans: Library Stacks
|t 0
|e TE7 .N25 no.332
|h Library of Congress classification
|i unmediated -- volume
|m A14814339939
|
| 952 |
f |
f |
|p ric
|a Texas A&M University
|b Rellis Campus
|c Joint Library Facility
|d Remote Storage
|t 0
|e TE7 .N25 no.332
|h Library of Congress classification
|i unmediated -- volume
|m A14818355856
|
| 952 |
f |
f |
|p default
|a Texas A&M University
|b College Station
|c Sterling C. Evans Library
|d Evans: Microforms (3rd floor)
|t 0
|e fiche S 746 no.332
|h Other scheme
|i unmediated -- volume
|
| 998 |
f |
f |
|a TE7 .N25 no.332
|t 0
|l Evans: Library Stacks
|
| 998 |
f |
f |
|a TE7 .N25 no.332
|t 0
|l Remote Storage
|
| 998 |
f |
f |
|a fiche S 746 no.332
|t 0
|l Evans: Microforms (3rd floor)
|